00910nam a2200241 a 4500003000700000005001700007008004100024020001800065040003300083041000800116050002200124110006400146245015200210260003900362300003600401336002800437337003000465338002700495490007000522490000700592500001700599650005200616CBULib20231121094256.0121214s2012 ||||||||||||||||| || u a9789211128475 aCBULibbEnglishcCBULiberda aeng aUNCTAD(02)2012/20 aUnited Nations Conference on Trade and Development (UNCTAD)10aExpropriation: UNCTAD series on issues in international investment agrreements IIc/ by United Nations Conference on Trade and Development (UNCTAD) aGeneva :bUnited Nations, c2012.  axiv, 166 pages : illustrations  2rdacontentaText |btxt 2rdamediaaUnmediated |bn 2rdacarrieraVolumebnc aUNCTAD series on issues in international investment agreements II vII aBibliography aINTERNATIONAL INVESTMENTS--DEVELOPING COUNTRIES